000 00288nam a2200121Ia 4500
008 190216s9999||||xx |||||||||||||| ||und||
100 _aGupta And Sathyaprakash
245 0 _aClassical Mechanics
260 _bKedernath Ramnath
_c1992
300 _a464p
650 _aPhysics
942 _cBK
999 _c33258
_d33258